Представление документа в формате RUSMARC

ПолеНазваниеЗначение
  Тип записи a
  Библиографический уровень m
001 Контрольный номер 75d43e771dff462f903d29cdab70eb1a
005 Дата корректировки 20251020103533.5
010 Индекс ISBN __
a ISBN 978-5-00211-061-2
b Уточнения в пер.
100 Данные общей обработки __
a Данные общей обработки 20250818d 0rusy0189## ca
101 Язык документа 0_
a Язык текста rus
102 Страна публикации __
a Страна публикации RU
200 Заглавие и сведения об ответственности 1_
a Заглавие Счастливый дом
f Первые сведения об ответственности Елена Фельдман
e Сведения, относящиеся к заглавию [для чтения взрослыми детям]
g Последующие сведения об ответственности нарисовала Ирина Августинович
210 Выходные данные 1_
a Место издания Москва
c Издательство Клевер-Медиа-Групп
c Издательство Clever
d Дата издания 2024
215 Физическое описание __
a Объем [28] c.
c Иллюстрации/тип воспроизводства цв. ил.
225 Серия 2_
a Серия Сказка на ночь
333 Примечание о целевом назначении __
a Примечание о целевом назначении 0+
606 Тематические рубрики 0_
a Основная рубрика Русская детская литература, 21 в.
610 Ключевые слова 0_
a Ключевые слова поучительные сказки; сказки для малышей; сказки для детей; сказки о домах; дома (х. л.); сказки о вежливости
686 Индексы других классификаций __
a Классификационный индекс Р2
700 Автор _1
a Фамилия Фельдман
b Имя (инициалы) Е.
g Полное личное имя Елена
801 Источник записи _0
a Страна RU
b Организация УОБДЮ
c Дата составления 20250818
g Правила каталогизации RCR
801 Источник записи _1
a Страна RU
b Организация УОБДЮ
c Дата составления 20250818
g Правила каталогизации RCR
830 Общее примечание каталогизатора __
a Текст примечания Д
852 Данные о местонахождении __
i Авторский знак Ф 39
j Шифр хранения Р2
900 Электронные ресурсы __
a Имя электронного ресурса 591627
901 Тип документа __
t Тип документа m
905 Данные по созданию БЗ __
b Логин пользователя, который создал БЗ bva
905 Данные по созданию БЗ __
a Дата создания БЗ 202510
b Логин пользователя, который создал БЗ o7
909 Создатель записи __
b Дата создания записи 20250818